|
|
|
|
| LEADER |
00000cam a2200000 a 4500 |
| 001 |
50822 |
| 003 |
Ucuenca |
| 005 |
20230308161842.0 |
| 008 |
959012|1943 mx |||||r|||||||||||spa|| |
| 040 |
|
|
|b spa
|
| 041 |
0 |
|
|a spa
|
| 082 |
0 |
|
|a 901
|
| 100 |
1 |
|
|a Meinecke, Friedrichn
|9 29777
|
| 245 |
|
3 |
|a El historicismo y sus génesis
|c Friedrich Meinecke
|h imp
|
| 264 |
|
|
|a México
|b Fondo de Cultura Económica
|c 1943
|
| 300 |
|
|
|a 524 páginas:
|c 24 cm
|
| 504 |
|
|
|a incl. ref.
|
| 650 |
|
|
|a Historicismo
|9 9872
|
| 650 |
|
|
|a Genesis
|9 16685
|
| 852 |
|
|
|a UC-CDJBV
|f Compra
|l 1
|m General
|p 19590123
|q 3.00
|r 2
|t 50822
|b 0
|d CDRC
|e CDRC
|g 901 ESTANTERIA CERRADA
|z 1959-90-12
|
| 852 |
|
|
|a UC-CDJBV
|f Donación
|l 2
|m General
|p 00000000
|q 3.00
|r 2
|t si4078
|b 0
|d CDRC
|e CDRC
|g 901 ESTANTERIA CERRADA
|z 0000-00-00
|
| 942 |
|
|
|c BK
|
| 999 |
|
|
|c 15947
|d 15947
|